[Event "Budapest-chT1 Lilienthal 1718"]
[Site "Budapest"]
[Date "2018.03.18"]
[Round "12"]
[White "Porkolab, Sandor"]
[Black "Bolyki, Istvan"]
[Result "1/2-1/2"]
[WhiteElo "1888"]
[BlackElo "1534"]
[PlyCount "31"]
[EventDate "2017.10.01"]
[EventType "team-tourn"]
[EventRounds "13"]
[EventCountry "HUN"]
[SourceTitle "EXT 2021"]
[Source "ChessBase"]
[SourceDate "2020.10.23"]
[SourceVersion "1"]
[SourceVersionDate "2020.10.23"]
[SourceQuality "1"]
[WhiteTeam "Mattolda"]
[BlackTeam "Budapest Ujpest KSE"]
[WhiteTeamCountry "HUN"]
[BlackTeamCountry "HUN"]

1. d4 Nf6 2. c4 g6 3. Nc3 Bg7 4. e4 d6 5. f4 0-0 6. Nf3 Nbd7 7. Be2 Ne8 8. 0-0 c5 9. Be3 b6 10. Qc2 cxd4 11. Nxd4 Bb7 12. b3 e5 13. fxe5 dxe5 14. Nf3 Nc7 15. Rad1 Qe7 16. Nd2 1/2-1/2

[Event "Budapest-chT1 Lilienthal 1516"]
[Site "Budapest"]
[Date "2015.11.15"]
[Round "4"]
[White "Ongut, Tamas Gunes"]
[Black "Porkolab, Sandor"]
[Result "1-0"]
[WhiteElo "1958"]
[BlackElo "1889"]
[PlyCount "51"]
[EventDate "2015.09.20"]
[EventType "team-tourn"]
[EventRounds "9"]
[EventCountry "HUN"]
[SourceTitle "EXT 2021"]
[Source "ChessBase"]
[SourceDate "2020.10.23"]
[SourceVersion "1"]
[SourceVersionDate "2020.10.23"]
[SourceQuality "1"]
[WhiteTeam "Taban Spartacus II"]
[BlackTeam "Siketek"]
[WhiteTeamCountry "HUN"]
[BlackTeamCountry "HUN"]

1. e4 d5 2. exd5 Qxd5 3. Nc3 Qd6 4. g3 Nf6 5. Bg2 c6 6. Nge2 Bg4 7. 0-0 Nbd7 8. d4 0-0-0 9. Bf4 e5 10. dxe5 Nxe5 11. Qc1 Qc7 12. Qe3 Bd6 13. Qxa7 Rhe8 14. Nd4 Qb8 15. Qa4 Bd7 16. Rad1 Bc7 17. b4 Nc4 18. Bxc7 Qxc7 19. Qb3 Nd6 20. b5 cxb5 21. Ndxb5 Bxb5 22. Nxb5 Nxb5 23. Qxb5 Rxd1 24. Rxd1 Re5 25. Qb4 Nd7 26. Bxb7+ 1-0

[Event "Budapest Spring op 28th"]
[Site "Budapest"]
[Date "2012.04.03"]
[Round "9"]
[White "Porkolab, Sandor"]
[Black "Aryan, Chopra"]
[Result "1/2-1/2"]
[WhiteElo "1936"]
[BlackElo "1869"]
[PlyCount "46"]
[EventDate "2012.03.26"]
[EventType "swiss"]
[EventRounds "9"]
[EventCountry "HUN"]
[SourceTitle "CBM 147 Extra"]
[Source "ChessBase"]
[SourceDate "2012.04.24"]
[SourceVersion "1"]
[SourceVersionDate "2012.04.24"]
[SourceQuality "1"]

1. e4 c5 2. Nf3 d6 3. d4 cxd4 4. Nxd4 Nf6 5. Nc3 a6 6. Rg1 e5 7. Nb3 Be6 8. g4 d5 9. Rg3 d4 10. g5 dxc3 11. Qxd8+ Kxd8 12. gxf6 gxf6 13. bxc3 Nd7 14. f4 Rc8 15. f5 Bc4 16. Bg2 b5 17. Na5 b4 18. Bd2 bxc3 19. Bxc3 Bb5 20. 0-0-0 Bh6+ 21. Kb2 Bf4 22. Rg7 Rb8 23. Nb3 Ke8 1/2-1/2

[Event "Budapest Spring op 28th"]
[Site "Budapest"]
[Date "2012.03.29"]
[Round "4"]
[White "Borda, Lajos"]
[Black "Porkolab, Sandor"]
[Result "1-0"]
[WhiteElo "2100"]
[BlackElo "1936"]
[PlyCount "91"]
[EventDate "2012.03.26"]
[EventType "swiss"]
[EventRounds "9"]
[EventCountry "HUN"]
[SourceTitle "CBM 147 Extra"]
[Source "ChessBase"]
[SourceDate "2012.04.24"]
[SourceVersion "1"]
[SourceVersionDate "2012.04.24"]
[SourceQuality "1"]

1. e4 d5 2. exd5 Qxd5 3. Nc3 Qa5 4. d4 Nf6 5. Bd3 Bg4 6. f3 Bh5 7. Bd2 Nc6 8. Nge2 Bg6 9. Be4 Nxe4 10. fxe4 Qh5 11. Nd5 0-0-0 12. Ndf4 Qh4+ 13. g3 Qg4 14. Nxg6 hxg6 15. 0-0 Qh3 16. Rf2 Nxd4 17. Nxd4 Rxd4 18. Qf3 e6 19. Be3 Rd7 20. c4 Qh5 21. g4 Qh3 22. Qe2 Rh4 23. Rg2 Bd6 24. Bxa7 Bxh2+ 25. Rxh2 Qxg4+ 26. Qxg4 Rxg4+ 27. Rg2 Rxg2+ 28. Kxg2 b6 29. Kf3 Kb7 30. Bxb6 cxb6 31. Ke3 g5 32. e5 f5 33. a4 g4 34. a5 Rc7 35. b3 g5 36. axb6 Kxb6 37. Rh1 f4+ 38. Ke4 g3 39. Kf3 Rc5 40. Re1 Ka5 41. Ke4 Rxe5+ 42. Kxe5 f3 43. Kd4 f2 44. b4+ Kxb4 45. Rb1+ Ka3 46. Ke3 1-0

[Event "IECC CL2-2011.06 email"]
[Site "IECC email"]
[Date "2012.01.19"]
[Round "?"]
[White "Futida, Souitiro"]
[Black "Porkolab, Sandor"]
[Result "1/2-1/2"]
[WhiteElo "1981"]
[BlackElo "2012"]
[PlyCount "87"]
[EventDate "2011.??.??"]
[EventType "tourn (corr)"]
[EventRounds "4"]
[SourceTitle "Telechess CBM 165"]
[Source "ChessBase"]
[SourceDate "2015.03.11"]
[SourceVersion "1"]
[SourceVersionDate "2015.03.11"]
[SourceQuality "1"]
[WhiteTeam "Brazil"]
[BlackTeam "Hungary"]
[WhiteTeamCountry "BRA"]
[BlackTeamCountry "HUN"]

1. c4 e5 2. g3 Nf6 3. Nc3 d5 4. cxd5 Nxd5 5. Bg2 Nb6 6. Nf3 Nc6 7. 0-0 Be7 8. d3 0-0 9. Be3 Be6 10. Qd2 Qd7 11. a3 Nd5 12. Rac1 Rad8 13. Ne4 Nxe3 14. fxe3 f5 15. Nc5 Bxc5 16. Rxc5 e4 17. Ng5 h6 18. Nxe6 Qxe6 19. b4 b6 20. Rc3 Ne5 21. Qc2 exd3 22. exd3 c5 23. bxc5 bxc5 24. h3 h5 25. Kh1 Rd6 26. Qe2 Nd7 27. Rf4 g5 28. Ra4 Qe5 29. d4 cxd4 30. Qc4+ Rf7 31. exd4 Qe1+ 32. Kh2 Nb6 33. Qb4 Re6 34. Ra5 Re2 35. Rf3 Qxb4 36. axb4 Nc4 37. Rb5 a6 38. Rc5 g4 39. Rc3 Nd2 40. Kg1 gxh3 41. Bd5 Ne4 42. Rf3 Rg2+ 43. Kh1 Nxg3+ 44. Rxg3+ 1/2-1/2

[Event "IECC CL2-2011.06 email"]
[Site "IECC email"]
[Date "2012.01.19"]
[Round "?"]
[White "Kasznia, Ireneusz"]
[Black "Porkolab, Sandor"]
[Result "1-0"]
[WhiteElo "1976"]
[BlackElo "1977"]
[PlyCount "69"]
[EventDate "2011.??.??"]
[EventType "tourn (corr)"]
[EventRounds "4"]
[SourceTitle "Telechess CBM 165"]
[Source "ChessBase"]
[SourceDate "2015.03.11"]
[SourceVersion "1"]
[SourceVersionDate "2015.03.11"]
[SourceQuality "1"]
[WhiteTeam "Poland"]
[BlackTeam "Hungary"]
[WhiteTeamCountry "POL"]
[BlackTeamCountry "HUN"]

1. d4 e6 2. c4 f5 3. g3 Nf6 4. Bg2 c6 5. Nf3 d5 6. 0-0 Bd6 7. Qc2 0-0 8. Nc3 Ne4 9. Rb1 Nd7 10. b4 a6 11. c5 Bc7 12. Bf4 Bxf4 13. gxf4 Rf6 14. a4 Rh6 15. e3 Qe7 16. h3 Qf7 17. Rfd1 Qg6 18. Kf1 Rh5 19. b5 a5 20. Rb3 Qh6 21. Rdb1 Qg6 22. Ne2 Qh6 23. Ng3 Rxh3 24. Bxh3 Qxh3+ 25. Kg1 h6 26. Qe2 Nxg3 27. fxg3 Qg4 28. Kg2 Qh5 29. Qe1 Kh7 30. Qd2 Kg8 31. R3b2 Kh8 32. Rh1 Qg6 33. Qd1 Kg8 34. Qb3 Qf7 35. Qc2 1-0

[Event "IECC TH-M-2934"]
[Site "IECC email"]
[Date "2011.12.28"]
[Round "?"]
[White "Dufour, Michael"]
[Black "Porkolab, Sandor"]
[Result "1-0"]
[WhiteElo "2080"]
[BlackElo "2001"]
[PlyCount "57"]
[EventDate "2011.??.??"]
[EventType "tourn (corr)"]
[SourceTitle "Telechess CBM 165"]
[Source "ChessBase"]
[SourceDate "2015.03.11"]
[SourceVersion "1"]
[SourceVersionDate "2015.03.11"]
[SourceQuality "1"]
[WhiteTeam "Canada"]
[BlackTeam "Hungary"]
[WhiteTeamCountry "CAN"]
[BlackTeamCountry "HUN"]

1. e4 e5 2. Nf3 Nc6 3. Bb5 a6 4. Ba4 Nf6 5. 0-0 Be7 6. Re1 b5 7. Bb3 0-0 8. c3 d5 9. exd5 Nxd5 10. Nxe5 Nxe5 11. Rxe5 c6 12. d3 Bd6 13. Re1 Bf5 14. Qf3 Re8 15. Rxe8+ Qxe8 16. Nd2 Qe1+ 17. Nf1 Bg6 18. g3 h6 19. Bd1 Qe6 20. Bd2 Qd7 21. d4 Re8 22. Qg2 Nf6 23. Bf3 Ne4 24. Be3 Qe6 25. h4 Re7 26. h5 Bh7 27. g4 f5 28. g5 Kh8 29. Re1 1-0

[Event "P-4725"]
[Site "IECC email"]
[Date "2011.11.11"]
[Round "?"]
[White "Porkolab, Sandor"]
[Black "De Oliveira, Diogo Luiz"]
[Result "1/2-1/2"]
[WhiteElo "2004"]
[BlackElo "2096"]
[PlyCount "92"]
[EventDate "2011.??.??"]
[EventType "tourn (corr)"]
[SourceTitle "Telechess CBM 165"]
[Source "ChessBase"]
[SourceDate "2015.03.11"]
[SourceVersion "1"]
[SourceVersionDate "2015.03.11"]
[SourceQuality "1"]
[WhiteTeam "Hungary"]
[BlackTeam "Brazil"]
[WhiteTeamCountry "HUN"]
[BlackTeamCountry "BRA"]

1. d4 d5 2. c4 e6 3. g3 dxc4 4. Nf3 Nf6 5. Bg2 c5 6. 0-0 Nc6 7. Qa4 Bd7 8. Qxc4 b5 9. Qd3 Rc8 10. dxc5 Bxc5 11. Nc3 b4 12. Nb5 0-0 13. Nd6 Bxd6 14. Qxd6 Qe7 15. Qxe7 Nxe7 16. Be3 a5 17. Rfc1 Rfe8 18. Bc5 Ned5 19. Ba7 Bb5 20. Nd4 Bd7 21. e4 Ne7 22. f3 e5 23. Nb3 a4 24. Na5 Ra8 25. Bb6 Be6 26. Nc4 Nd7 27. Bc7 Nc6 28. Nd6 Nd4 29. Nxe8 Ne2+ 30. Kf2 Nxc1 31. Rxc1 Rxe8 32. a3 bxa3 33. bxa3 f6 34. Bf1 Nf8 35. f4 exf4 36. gxf4 Bb3 37. Bd6 Ne6 38. Ke3 g6 39. Bb5 Rd8 40. Rc6 f5 41. Ra6 fxe4 42. Kxe4 Rc8 43. Ra7 Nd8 44. Be5 Nc6 45. Rg7+ Kf8 46. Rxh7 Nxe5 1/2-1/2

[Event "IECC KO-5080"]
[Site "IECC email"]
[Date "2011.11.01"]
[Round "?"]
[White "Basson, Heinrich"]
[Black "Porkolab, Sandor"]
[Result "0-1"]
[WhiteElo "1623"]
[BlackElo "2053"]
[PlyCount "44"]
[EventDate "2011.??.??"]
[EventType "match (corr)"]
[EventRounds "2"]
[SourceTitle "Telechess CBM 165"]
[Source "ChessBase"]
[SourceDate "2015.03.11"]
[SourceVersion "1"]
[SourceVersionDate "2015.03.11"]
[SourceQuality "1"]
[WhiteTeam "South Africa"]
[BlackTeam "Hungary"]
[WhiteTeamCountry "RSA"]
[BlackTeamCountry "HUN"]

1. d4 Nf6 2. c4 g6 3. Nc3 Bg7 4. Nf3 0-0 5. e3 d6 6. Be2 Nbd7 7. 0-0 e5 8. Qc2 Re8 9. b3 c6 10. Re1 b6 11. Ba3 Qc7 12. Rad1 exd4 13. exd4 a6 14. Qd2 Bb7 15. Qf4 c5 16. Bb2 Ne4 17. Nxe4 Rxe4 18. Qd2 Re7 19. a3 Rae8 20. d5 Ne5 21. Nxe5 Bxe5 22. Bxe5 Rxe5 0-1

[Event "IECC TH-M-2931"]
[Site "IECC email"]
[Date "2011.09.26"]
[Round "?"]
[White "Sadler, Craig"]
[Black "Porkolab, Sandor"]
[Result "1-0"]
[WhiteElo "2005"]
[BlackElo "2058"]
[PlyCount "101"]
[EventDate "2011.??.??"]
[EventType "tourn (corr)"]
[SourceTitle "Telechess CBM 165"]
[Source "ChessBase"]
[SourceDate "2015.03.11"]
[SourceVersion "1"]
[SourceVersionDate "2015.03.11"]
[SourceQuality "1"]
[WhiteTeam "Canada"]
[BlackTeam "Hungary"]
[WhiteTeamCountry "CAN"]
[BlackTeamCountry "HUN"]

1. d4 d5 2. c4 c6 3. Nf3 Nf6 4. Nc3 dxc4 5. a4 Bf5 6. e3 e6 7. Bxc4 Bb4 8. 0-0 0-0 9. Qe2 Nbd7 10. e4 Bg4 11. Rd1 Qa5 12. h3 Bxf3 13. Qxf3 e5 14. d5 Nb6 15. Bf1 cxd5 16. exd5 Bxc3 17. bxc3 Nbxd5 18. c4 Nb4 19. Bd2 Qb6 20. a5 Qc5 21. Rdb1 Nc2 22. Ra2 Nd4 23. Qxb7 Rfc8 24. a6 Qc6 25. Qxc6 Rxc6 26. Ra5 Ne4 27. Bb4 Ng5 28. f4 Nge6 29. Rxe5 g6 30. c5 Rb8 31. Ree1 Nc2 32. Bc3 Rbc8 33. Re2 Rxc5 34. Be5 Ncd4 35. Bxd4 Nxd4 36. Re7 Nc6 37. Rd7 Rf5 38. Rc1 Kg7 39. g3 Ra5 40. h4 h6 41. Rc2 Ra1 42. Kg2 Ra5 43. Kf2 h5 44. Bd3 Rd8 45. Rxd8 Nxd8 46. Rc7 Ra3 47. Rd7 Ra2+ 48. Ke3 Ne6 49. Bc4 Ra3+ 50. Kd2 Nc5 51. Rxf7+ 1-0

[Event "FICGS class E 000141 email"]
[Site "FICGS email"]
[Date "2011.08.29"]
[Round "1"]
[White "Porkolab, Sandor"]
[Black "Barradas, Anderson"]
[Result "0-1"]
[WhiteElo "1363"]
[BlackElo "1291"]
[PlyCount "24"]
[EventDate "2011.??.??"]
[EventType "tourn (corr)"]
[EventRounds "6"]
[SourceTitle "Corr 2013"]
[Source "ChessBase"]
[SourceDate "2012.11.12"]
[SourceVersion "1"]
[SourceVersionDate "2012.11.12"]
[SourceQuality "1"]

1. Nf3 Nf6 2. c4 g6 3. Nc3 e6 4. e4 Bg7 5. d4 d5 6. e5 Ne4 7. Bd3 Nxc3 8. bxc3 c6 9. 0-0 0-0 10. Ba3 Re8 11. cxd5 cxd5 12. Rb1 Nc6 0-1

[Event "IECC TH-M-2930"]
[Site "IECC email"]
[Date "2011.08.11"]
[Round "?"]
[White "Porkolab, Sandor"]
[Black "Canizares Cuadra, Pedro"]
[Result "1/2-1/2"]
[WhiteElo "1921"]
[BlackElo "2103"]
[PlyCount "30"]
[EventDate "2011.??.??"]
[EventType "tourn (corr)"]
[SourceTitle "Corr 2020"]
[Source "ChessBase"]
[SourceDate "2019.09.30"]
[SourceVersion "1"]
[SourceVersionDate "2019.09.30"]
[SourceQuality "1"]
[WhiteTeam "Hungary"]
[BlackTeam "Spain"]
[WhiteTeamCountry "HUN"]
[BlackTeamCountry "ESP"]

1. d4 d5 2. e4 dxe4 3. Nc3 Nf6 4. f3 exf3 5. Nxf3 Bg4 6. h3 Bxf3 7. Qxf3 c6 8. Be3 e6 9. Bd3 Nbd7 10. 0-0 Be7 11. Qg3 0-0 12. a3 Rc8 13. Rad1 Qb6 14. Na4 Qc7 15. Qxc7 Rxc7 1/2-1/2

[Event "FICGS class E 000140 email"]
[Site "FICGS email"]
[Date "2011.07.13"]
[Round "1"]
[White "Guralivu, Paul Iosif"]
[Black "Porkolab, Sandor"]
[Result "0-1"]
[WhiteElo "1373"]
[BlackElo "1363"]
[PlyCount "24"]
[EventDate "2011.??.??"]
[EventType "tourn (corr)"]
[EventRounds "6"]
[SourceTitle "Corr 2013"]
[Source "ChessBase"]
[SourceDate "2012.11.12"]
[SourceVersion "1"]
[SourceVersionDate "2012.11.12"]
[SourceQuality "1"]

1. e4 e5 2. Nf3 Nc6 3. Bb5 a6 4. Ba4 Nf6 5. 0-0 b5 6. Bb3 Be7 7. Re1 d6 8. c3 0-0 9. d4 Bg4 10. d5 Na5 11. Bc2 c6 12. h3 Bc8 0-1

[Event "FICGS class E 000140 email"]
[Site "FICGS email"]
[Date "2011.07.13"]
[Round "1"]
[White "Porkolab, Sandor"]
[Black "Estieu, Frederic"]
[Result "1-0"]
[WhiteElo "1363"]
[BlackElo "1264"]
[PlyCount "43"]
[EventDate "2011.??.??"]
[EventType "tourn (corr)"]
[EventRounds "6"]
[SourceTitle "Corr 2013"]
[Source "ChessBase"]
[SourceDate "2012.11.12"]
[SourceVersion "1"]
[SourceVersionDate "2012.11.12"]
[SourceQuality "1"]

1. d4 d5 2. Nf3 Nf6 3. g3 c6 4. Bg2 Bf5 5. 0-0 e6 6. c4 Bd6 7. Nc3 Nbd7 8. Nh4 Bg6 9. Nxg6 hxg6 10. Qd3 Qc7 11. Bg5 0-0-0 12. cxd5 cxd5 13. Nb5 Qb6 14. Nxd6+ Qxd6 15. Bf4 Qb6 16. Rfc1+ Nc5 17. Rxc5+ Kd7 18. Rac1 Ke8 19. Bc7 Qxb2 20. Bxd8 Rf8 21. Rc8 Nd7 22. Bf6# 1-0

[Event "FICGS class E 000140 email"]
[Site "FICGS email"]
[Date "2011.07.13"]
[Round "1"]
[White "Yloenen, Olli"]
[Black "Porkolab, Sandor"]
[Result "1-0"]
[WhiteElo "1484"]
[BlackElo "1363"]
[PlyCount "23"]
[EventDate "2011.??.??"]
[EventType "tourn (corr)"]
[EventRounds "6"]
[SourceTitle "Corr 2013"]
[Source "ChessBase"]
[SourceDate "2012.11.12"]
[SourceVersion "1"]
[SourceVersionDate "2012.11.12"]
[SourceQuality "1"]

1. e4 c5 2. c3 e6 3. Nf3 Nf6 4. e5 Nd5 5. d4 cxd4 6. cxd4 d6 7. Bc4 Nc6 8. 0-0 Be7 9. Qe2 0-0 10. Nc3 Nxc3 11. bxc3 dxe5 12. dxe5 1-0

[Event "IECC CL3-2011.05 email"]
[Site "IECC email"]
[Date "2011.06.09"]
[Round "?"]
[White "Porkolab, Sandor"]
[Black "Basson, Heinrich"]
[Result "1-0"]
[WhiteElo "1857"]
[BlackElo "1712"]
[PlyCount "35"]
[EventDate "2011.??.??"]
[EventType "tourn (corr)"]
[EventRounds "4"]
[SourceTitle "Telechess CBM 145"]
[Source "Chessbase"]
[SourceDate "2011.11.11"]
[SourceVersion "1"]
[SourceVersionDate "2011.11.11"]
[SourceQuality "1"]
[WhiteTeam "Hungary"]
[BlackTeam "South Africa"]
[WhiteTeamCountry "HUN"]
[BlackTeamCountry "RSA"]

1. d4 d5 2. Nf3 Nf6 3. g3 e6 4. c4 Be7 5. Bg2 0-0 6. Qc2 c5 7. 0-0 cxd4 8. Nxd4 dxc4 9. Rd1 Qc7 10. Na3 Ng4 11. h3 Bxa3 12. bxa3 e5 13. Nb5 Qb6 14. hxg4 Qxb5 15. Be4 Kh8 16. Bxh7 g6 17. Bh6 Nd7 18. Bxg6 1-0

[Event "IECC CL3-2011.05 email"]
[Site "IECC email"]
[Date "2011.06.09"]
[Round "?"]
[White "Porkolab, Sandor"]
[Black "Elliott, Thomas"]
[Result "1-0"]
[WhiteElo "1866"]
[BlackElo "1927"]
[PlyCount "57"]
[EventDate "2011.??.??"]
[EventType "tourn (corr)"]
[EventRounds "4"]
[SourceTitle "Telechess CBM 145"]
[Source "Chessbase"]
[SourceDate "2011.11.11"]
[SourceVersion "1"]
[SourceVersionDate "2011.11.11"]
[SourceQuality "1"]
[WhiteTeam "Hungary"]
[BlackTeam "US of America"]
[WhiteTeamCountry "HUN"]
[BlackTeamCountry "USA"]

1. d4 Nf6 2. Nf3 g6 3. c4 Bg7 4. Nc3 d5 5. Bg5 dxc4 6. e4 c5 7. d5 b5 8. d6 Qxd6 9. Qxd6 exd6 10. e5 Ng4 11. Nxb5 0-0 12. Nc7 Bb7 13. Bxc4 Nxe5 14. Nxe5 Bxe5 15. 0-0 Nd7 16. Nxa8 Rxa8 17. Rad1 Nb6 18. Be2 Kg7 19. Rfe1 h6 20. Be3 Re8 21. Bb5 Re6 22. Bc1 c4 23. f4 Bd4+ 24. Kf1 Bc5 25. b3 c3 26. Rxe6 fxe6 27. a3 Nd5 28. b4 h5 29. bxc5 1-0

[Event "FICGS class C 000168 email"]
[Site "FICGS email"]
[Date "2011.02.08"]
[Round "1"]
[White "Porkolab, Sandor"]
[Black "Panov, Dmitry"]
[Result "0-1"]
[WhiteElo "1623"]
[BlackElo "1664"]
[PlyCount "24"]
[EventDate "2011.??.??"]
[EventType "tourn (corr)"]
[EventRounds "6"]
[SourceTitle "Corr 2013"]
[Source "ChessBase"]
[SourceDate "2012.11.12"]
[SourceVersion "1"]
[SourceVersionDate "2012.11.12"]
[SourceQuality "1"]

1. d4 Nf6 2. c4 e6 3. Nf3 Bb4+ 4. Bd2 Bxd2+ 5. Qxd2 0-0 6. g3 b6 7. Bg2 Bb7 8. 0-0 d6 9. Nc3 Ne4 10. Qc2 Nxc3 11. Qxc3 Nd7 12. Rfd1 h6 0-1

[Event "IECC KO-5078"]
[Site "IECC email"]
[Date "2011.01.12"]
[Round "?"]
[White "Porkolab, Sandor"]
[Black "Rosenstein, David"]
[Result "1-0"]
[WhiteElo "1828"]
[BlackElo "1527"]
[PlyCount "89"]
[EventDate "2011.??.??"]
[EventType "match (corr)"]
[EventRounds "2"]
[SourceTitle "Telechess CBM 145"]
[Source "Chessbase"]
[SourceDate "2011.11.11"]
[SourceVersion "1"]
[SourceVersionDate "2011.11.11"]
[SourceQuality "1"]
[WhiteTeam "Hungary"]
[BlackTeam "Israel"]
[WhiteTeamCountry "HUN"]
[BlackTeamCountry "ISR"]

1. d4 e6 2. Nf3 d5 3. c4 dxc4 4. Qa4+ Nd7 5. e4 Ngf6 6. Nc3 a6 7. Bxc4 Rb8 8. Qc2 b5 9. Bd3 Bb7 10. Bf4 Be7 11. 0-0 0-0 12. Rfd1 Nh5 13. Be3 g6 14. Be2 Ndf6 15. Nd2 Qd7 16. a3 Rfd8 17. b4 Bf8 18. Nb3 Ba8 19. Bg5 h6 20. Be3 g5 21. Qc1 Ng7 22. f3 Be7 23. h4 Nh7 24. Nc5 Bxc5 25. dxc5 Qe7 26. Rxd8+ Rxd8 27. a4 Bc6 28. axb5 axb5 29. Bxb5 Bxb5 30. Nxb5 c6 31. Nd6 Rb8 32. hxg5 hxg5 33. Ra6 g4 34. fxg4 Rxb4 35. Ra8+ Nf8 36. Bg5 f6 37. Bh4 e5 38. g5 fxg5 39. Bxg5 Qd7 40. Rd8 Qc7 41. Rc8 Qa7 42. Bf6 Rb8 43. Rxc6 Qa4 44. Rc7 Nfe6 45. Re7 1-0